• 首页
  • 本馆介绍
  • 公告通知
  • 最新文献
  • 馆藏检索
  • 电子资源
  • 读者导购
  • 参考咨询
  • 我的图书馆
  • 登录
  • 详细信息显示
  • 放入我的书架
  • 预约/预借图书
  • 作者相关作品
  • 分类相关作品
  • 丛书相关作品
  • 出版社相关作品

书目信息

  • 表格格式
  • 工作单格式
  • 卡片格式
题名:
煤炭加工利用知识问答
    
 
作者: 陈文敏 , 梁大明 主编
分册:  
出版信息: 北京   化学工业出版社  2006
页数: 251页
开本: 21cm
丛书名: 能源知识问答系列
单 册:
中图分类: TQ536
科图分类:
主题词: 煤炭--化学加工--基本知识 , 煤炭 , 化学加工
电子资源:
ISBN: 7-5025-8712-8
000 01055oam2 2200301 450
001 003215067
005 20070720105321.26
010    @a7-5025-8712-8@dCNY18.00
035    @a003215067
100    @a20060529d2006 em y0chiy0110 ea
101 0  @achi
102    @aCN@b110000
105    @ay z 000yy
106    @ar
200 1  @a煤炭加工利用知识问答@Amei tan jia gong li yong zhi shi wen da@f陈文敏,梁大明主编@Fchen wen min, liang da ming zhu bian
210    @a北京@c化学工业出版社@d2006
215    @a251页@d21cm
225 2  @a能源知识问答系列@Aneng yuan zhi shi wen da xi lie
330    @a本书以问答的形式深入浅出地介绍了煤炭加工利用方面的知识。书中包括煤的生成和分类、煤炭洗选和动力配煤、型煤和型煤焦、水煤浆的技术及应用、煤用于高炉喷吹燃料等。
461  0 @1001003230423@12001 @a能源知识问答系列
606 0  @a煤炭@x化学加工@x基本知识
606 0  @a煤炭
606 0  @a化学加工
690    @aTQ536@v4
701  0 @a陈文敏@Achen wen min@4主编
701  0 @a梁大明@Aliang da ming@4主编
801  0 @aCN@bNLC@c20070720
905    @dTQ536@e24@f5
    
    煤炭加工利用知识问答/陈文敏,梁大明主编.-北京:化学工业出版社,2006
    251页;21cm.-(能源知识问答系列)
    
    
    ISBN 7-5025-8712-8:CNY18.00
    本书以问答的形式深入浅出地介绍了煤炭加工利用方面的知识。书中包括煤的生成和分类、煤炭洗选和动力配煤、型煤和型煤焦、水煤浆的技术及应用、煤用于高炉喷吹燃料等。
●
相关链接 在E读中查询图书 在五车中查询图书 在当当中查询图书 在豆瓣中查询图书


正题名:煤炭加工利用知识问答     索取号:TQ536/24         预约/预借

序号 登录号 条形码 馆藏地/架位号 状态 备注
1 0850593   208505937   第二样本阅览室/ [索取号:TQ536/24] 在馆    
2 0850594   208505946   第三借阅区/ [索取号:TQ536/24] 在馆    
3 0850595   208505955   第三借阅区/ [索取号:TQ536/24] 在馆    
4 0850596   208505964   第三借阅区/ [索取号:TQ536/24] 在馆    
5 0850597   208505973   第三借阅区/ [索取号:TQ536/24] 在馆    
唐山师范学院图书馆 欢迎您!
大连网信软件有限公司© 版权所有